Statistics for Countries in the European Union

Click here to take the quiz!

General Stats

  • This quiz has been taken 27 times
  • The average score is 26 of 27

Answer Stats

HintAnswer% Correct
AAustria
100%
BBelgium
100%
BBulgaria
100%
CCzech Republic
100%
EEstonia
100%
FFinland
100%
FFrance
100%
IItaly
100%
NNetherlands
100%
PPoland
100%
PPortugal
100%
SSpain
100%
CCroatia
96%
DDenmark
96%
HHungary
96%
IIreland
96%
LLuxembourg
96%
RRomania
96%
SSlovakia
96%
SSweden
96%
GGermany
92%
GGreece
92%
LLatvia
92%
MMalta
92%
LLithuania
88%
SSlovenia
88%
CCyprus
85%

Score Distribution

Percentile by Number Answered

Percent of People with Each Score

Your Score History

You have not taken this quiz